1159 1739 1676 1572 1068 1837 1783 1463 1294 1989 1821 1101 1424 1792 1458 1734 1810 1272 1797 1675 1724 1108 1785 1551 1441 1434 1495 1794 1509 1188 1026 1583 1396 1322 1699 1057 1508 1931 1737 1371 1020 1441 1341 1436 1819 1816 1548 1682 1253 1135 1000 1376 1358 1801 1788 1274 1978 1325 1949 1168 1385 1613 1382 1877 1299 1589 1205 1808 1272 1659 1781 1869 1648 1076 1955 1364 1228 1273 1273 1247 1161 1873 1802 1930 1289 1134 1521 1828 1197 1765 1149 1492 1106 1989 1915 1952 1072 1442 1504 BCNSPRNW ULIB Ver.6.0+V

เปลี่ยนเป็นภาษาไทย

Change to English
 แสดงรายละเอียดบรรณานุกรม
  กลับหน้าหลัก

Brief Record : Get Marc (ISO 2709) : E-mail record : QR code < ปิดหน้าต่าง
LEADER : 00000nam 2200000uu 4500
001    13399112889
003     ULIB
008    110915s2554||||th 000 0 tha d
020    9748798194
060 04 QV129^bว711อ 2544
100 0  วิโรจน์ สุ่มใหญ่
245 10 เอ็กซ์ตาซี :^bสื่อหรรษาจากซาตาน /^cวิโรจน์ สุ่มใหญ่
250    พิมพ์ครั้งที่ 1
260    กรุงเทพฯ :^bอุาาการพิมพ์,^c2544
300    หน้า :^bภาพประกอบ ;^c321 ซม.
650  4 ยาเอ็กซ์ตาซี
650  4 ยาเสพติด^xการป้องกันและควบคุม
945    ^p150^l0^i10106
945    ^p150^l0^i10108
945    ^p150^l0^i10107
995    กัณชพร
999 ^a ใช้งานได้ทุกระบบ
รายการนี้ยังไม่มีแท็ก
คุณยังไม่ได้ล็อกอิน คุณสามารถมีกิจกรรมร่วมกับเว็บไซต์ได้ แต่ต้องล็อกอินก่อน ::
  ล็อกอิน

รายการสื่อสารสนเทศ

ลำดับที่ ประเภท เลขเรียก/บาร์โค้ด สถานที่ สถานะ
- ไม่พบข้อมูล -

รายการใกล้เคียง
    ผู้แต่ง [วิโรจน์ สุ่มใหญ่]

BibComment


ยังไม่เคยถูกคอมเมนท์

คอมเมนท์ทรัพยากรรายการนี้
  คอมเมนท์: เอ็กซ์ตาซี สื่อห..


 Copyright 2026. Bcnsprnw @Library